| 000 | 00660nam a2200205 a 4500 | ||
|---|---|---|---|
| 001 | 11534 | ||
| 003 | CO-ViMGA | ||
| 008 | 141112s2004 ck r 000 u spa d | ||
| 040 |
_aCO-ViMGA _bspa _cCO-ViMGA |
||
| 082 | 0 | 4 | _a658.3145 B515e |
| 100 | 1 |
_aBlanchard, Ken; John P. Carlos y Alan Randolph, _916042 |
|
| 245 | 1 | 0 | _aEmpowerment |
| 260 |
_aBogotá, _cEditorial Norma, _c2002 |
||
| 300 | _a94.p. | ||
| 500 | _aEn : 3 claves para lograr que el proceso de facultar a los empleados funcione en su empresa | ||
| 650 | 1 | 4 |
_aADMINISTRACION DE GRUPOS DE TRABAJO _916043 |
| 650 | 1 | 4 | _aADMINISTRACION DE PERSONAL |
| 650 | 1 | 4 | _aRELACIONES HUMANAS |
| 942 |
_2ddc _cBK |
||
| 999 |
_c22729 _d22729 |
||